Sekuritizacia aktiv financnych institucii a bank bakalárska práca

Salvato in:
Dettagli Bibliografici
Autore principale: Tóthová, Oľga
Ente Autore: Národohospodárska fakulta EU. Katedra bankovníctva a medzinárodných financií
Altri autori: Moravová, Julianna
Natura: Libro
Lingua:slovacco
Pubblicazione: Bratislava 2010
Tags: Aggiungi Tag
Nessun Tag, puoi essere il primo ad aggiungerne!!

MARC

LEADER 00000nbm a2200000 4500
001 0133280
005 20161109111517.2
041 0 |a slo 
044 |a SK 
245 1 0 |a Sekuritizacia aktiv financnych institucii a bank  |b bakalárska práca  |c Oľga Tóthová ; školiteľ: Julianna Moravová 
264 1 |a Bratislava  |c 2010 
300 |a 47 s. 
100 1 |a Tóthová, Oľga 
700 1 |a Moravová, Julianna 
710 2 |a Národohospodárska fakulta EU. Katedra bankovníctva a medzinárodných financií